[Event "FIDE World Senior Team Championship 2020"]
[Site "Olympik hotel, Sokolovska 138, Prague"]
[Date "2020.03.06"]
[Round "1.11.1"]
[White "Sokolin, Leonid"]
[Black "Ungure, Liga"]
[Result "1-0"]
[WhiteElo "2496"]
[BlackElo "1923"]
[PlyCount "131"]
[WhiteTeam "USA2"]
[BlackTeam "LAT"]
[EventDate "2020.03.06"]

1. e4 c5 2. Nf3 e6 3. d4 cxd4 4. Nxd4 Nf6 5. Bd3 Nc6 6. Nxc6 bxc6 7. c4 e5 8.
O-O Bc5 9. Nd2 a5 10. Nb3 Ba7 11. a4 d6 12. c5 Bxc5 13. Nxc5 dxc5 14. Be3 Nd7
15. Qg4 O-O 16. Rad1 Qe7 17. Qg3 Ba6 18. Bxa6 Rxa6 19. Bh6 f6 20. Qb3+ Qf7 21.
Qb7 Nb8 22. Qxf7+ Rxf7 23. Be3 Rd7 24. Bxc5 Kf7 25. f3 Ke6 26. Kf2 Ra8 27. Ke2
Na6 28. Rxd7 Kxd7 29. Rd1+ Kc7 30. Bd6+ Kb6 31. f4 Nc5 32. fxe5 Nxe4 33. exf6
Nxf6 34. Rd3 Re8+ 35. Kf3 Nd5 36. Rb3+ Ka6 37. h4 Re6 38. Bg3 h5 39. Rd3 g6 40.
Bf2 Rf6+ 41. Kg3 Rf4 42. Rd4 Rf5 43. Re4 g5 44. hxg5 Rxg5+ 45. Kh3 Rf5 46. Bd4
Nf4+ 47. Kg3 Nd3 48. Re7 c5 49. Bc3 Rg5+ 50. Kf3 Rg4 51. Re4 Rg6 52. Rh4 Rg5
53. g3 Kb6 54. Re4 Rg6 55. Re7 Rg4 56. Re6+ Kb7 57. Re4 Rg5 58. Re7+ Kc6 59.
Ra7 c4 60. Bd4 Nb4 61. Be3 Rd5 62. Ke4 Rd1 63. Rxa5 Re1 64. Kf3 Nd3 65. Bd4 Rb1
66. Rxh5 1-0

[Event "FIDE World Senior Team Championship 2020"]
[Site "Olympik hotel, Sokolovska 138, Prague"]
[Date "2020.03.06"]
[Round "1.12.1"]
[White "Nudcenko, Karel"]
[Black "Matveeva, Svetlana"]
[Result "0-1"]
[WhiteElo "2004"]
[BlackElo "2375"]
[PlyCount "82"]
[WhiteTeam "CZE11"]
[BlackTeam "RUS2"]
[EventDate "2020.03.06"]

1. e4 g6 2. d4 Bg7 3. Be3 Nf6 4. f3 d6 5. Nc3 a6 6. Qd2 Nc6 7. O-O-O h5 8. h4
e5 9. d5 Ne7 10. Nh3 Bxh3 11. Rxh3 Qd7 12. g3 Nh7 13. Rh2 f5 14. Bh3 Nf6 15.
Bg5 O-O-O 16. Rg1 Kb8 17. Kb1 Rdf8 18. Qe2 Bh6 19. f4 exf4 20. gxf4 Ng4 21.
Bxg4 fxg4 22. e5 dxe5 23. Qxe5 Nf5 24. Bxh6 Rxh6 25. Ne4 Rhh8 26. Nc5 Qb5 27.
Ne6 Qb6 28. Re1 Re8 29. Qf6 Rhg8 30. c4 Qb4 31. Rc1 Qe7 32. Qe5 Qd6 33. Rc3
Qxe5 34. fxe5 Rxe6 35. dxe6 Re8 36. Rd3 Rxe6 37. Rd8+ Ka7 38. Rg8 g3 39. Rg2
Rxe5 40. Kc1 Re4 41. Rxg6 Nxh4 0-1

[Event "FIDE World Senior Team Championship 2020"]
[Site "Olympik hotel, Sokolovska 138, Prague"]
[Date "2020.03.06"]
[Round "1.12.2"]
[White "Grabuzova, Tatiana"]
[Black "Bazantova, Marie"]
[Result "1-0"]
[WhiteElo "2272"]
[BlackElo "1925"]
[PlyCount "181"]
[WhiteTeam "RUS2"]
[BlackTeam "CZE11"]
[EventDate "2020.03.06"]

1. d4 d5 2. c4 e6 3. Nc3 c5 4. cxd5 exd5 5. dxc5 d4 6. Na4 Bxc5 7. Nxc5 Qa5+ 8.
Bd2 Qxc5 9. e3 dxe3 10. Bxe3 Qb4+ 11. Bd2 Qe7+ 12. Be2 Bd7 13. Qb3 Nc6 14. Nf3
Be6 15. Qa4 Bd5 16. O-O Nf6 17. Rfe1 O-O 18. Bg5 h6 19. Bb5 Qd6 20. Bf4 Qd8 21.
Rad1 a6 22. Bf1 b5 23. Qa3 Qb6 24. Ne5 Rad8 25. Nxc6 Qxc6 26. Rc1 Qa8 27. Bd6
Rfe8 28. Be7 Rc8 29. Bxf6 gxf6 30. Qg3+ Kh8 31. Qf4 Kg7 32. Qg4+ Kh8 33. Qf5
Kg7 34. Bd3 Rxe1+ 35. Rxe1 Rh8 36. Re3 Qc6 37. Bc2 b4 38. b3 a5 39. h4 Kf8 40.
Rg3 Qe6 41. Qf4 Qe1+ 42. Kh2 Qe5 43. Qg4 Ke7 44. f4 Qd4 45. Rd3 Qc5 46. Qf5 Rd8
47. Rd2 Qc6 48. Re2+ Be6 49. Qxa5 Qd6 50. g3 Kf8 51. Qh5 Kg7 52. Qf3 Rc8 53.
Qd3 Qxd3 54. Bxd3 Rc1 55. Be4 Bg4 56. Rc2 Re1 57. Bb7 Bf5 58. Rd2 Bb1 59. Rb2
Bf5 60. Kg2 Rc1 61. Kf3 Rc3+ 62. Kf2 Kf8 63. Re2 Bg4 64. Rd2 Bf5 65. Bf3 Be6
66. Be4 f5 67. Bd3 Ke7 68. Ke2 f6 69. Ke3 Rc1 70. Kd4 Kd6 71. Bc4 Bd7 72. Ke3+
Ke7 73. Kd4 Kd6 74. a3 bxa3 75. Ra2 Rg1 76. Rxa3 Rxg3 77. Be2 Bc6 78. Kc4 Bd5+
79. Kb4 Bc6 80. Ra6 Kc7 81. Ra7+ Kd6 82. Ra6 Kc7 83. Bc4 Rf3 84. Kc5 Bb7 85.
Rxf6 Rxf4 86. Rxh6 Rg4 87. Rh7+ Kb8 88. h5 f4 89. Kb6 Bc8 90. Rh8 Rg7 91. Ba6
1-0

[Event "FIDE World Senior Team Championship 2020"]
[Site "Olympik hotel, Sokolovska 138,"]
[Date "2020.03.06"]
[Round "1.13"]
[White "Nuernberger, Thomas"]
[Black "Plotkin, Victor"]
[Result "0-1"]
[WhiteElo "2020"]
[BlackElo "2339"]
[PlyCount "30"]
[EventDate "2020.03.06"]
[WhiteTeam "GER8"]
[BlackTeam "CAN"]

1. c4 Nf6 2. Nc3 e6 3. e4 d5 4. e5 d4 5. exf6 dxc3 6. fxg7 cxd2+ 7. Bxd2 Bxg7
8. Qc2 Nc6 9. Nf3 Qe7 10. Be2 Bd7 11. a3 e5 12. O-O e4 13. Ne1 Nd4 14. Qd1
O-O-O 15. Nc2 Ba4 0-1

[Event "FIDE World Senior Team Championship 2020"]
[Site "Olympik hotel, Sokolovska 138,"]
[Date "2020.03.06"]
[Round "1.13"]
[White "Findlay, Ian T."]
[Black "Fuchs, Joachim"]
[Result "1-0"]
[WhiteElo "2159"]
[BlackElo "1970"]
[PlyCount "109"]
[EventDate "2020.03.06"]
[WhiteTeam "CAN"]
[BlackTeam "GER8"]

1. e4 Nc6 2. Nf3 d5 3. exd5 Qxd5 4. Nc3 Qa5 5. d4 Bg4 6. Bb5 O-O-O 7. Bxc6 bxc6
8. h3 Qh5 9. Qd3 Bxf3 10. gxf3 e5 11. Qa6+ Kb8 12. Qxc6 Rd6 13. Qe8+ Kb7 14.
dxe5 Qxf3 15. exd6 Qxh1+ 16. Ke2 Bxd6 17. Qb5+ Kc8 18. Qf5+ Kb7 19. Qb5+ Kc8
20. Qe8+ Kb7 21. Qe4+ Qxe4+ 22. Nxe4 Be7 23. Be3 Nf6 24. Ng5 Rf8 25. Rd1 h6 26.
Nf3 Rd8 27. Rxd8 Bxd8 28. Ne5 Nd5 29. Nxf7 Bf6 30. c3 a5 31. Kd3 Kc6 32. Bd2
Nb6 33. b3 Nd5 34. Nh8 Ne7 35. c4 Kb6 36. Ke4 Nc8 37. Nf7 Ne7 38. Ne5 Bh4 39.
Be3+ Kb7 40. Bc5 Nc8 41. Ng6 Bf6 42. Kd5 Nb6+ 43. Ke6 Kc6 44. Be3 a4 45. Ne7+
Kb7 46. Nd5 axb3 47. axb3 Bb2 48. Nxb6 cxb6 49. Kd7 Bf6 50. b4 g5 51. c5 bxc5
52. bxc5 Be5 53. c6+ Kb8 54. Bb6 h5 55. c7+ 1-0

[Event "FIDE World Senior Team Championship 2020"]
[Site "Olympik hotel, Sokolovska 138,"]
[Date "2020.03.06"]
[Round "1.13"]
[White "Madalinski, Rainer"]
[Black "Barron, Michael"]
[Result "0-1"]
[WhiteElo "1796"]
[BlackElo "2075"]
[PlyCount "58"]
[EventDate "2020.03.06"]
[WhiteTeam "GER8"]
[BlackTeam "CAN"]

1. e4 e5 2. Nf3 Nc6 3. Bc4 Bc5 4. O-O Nf6 5. d3 a6 6. Be3 Bxe3 7. fxe3 O-O 8.
a3 d5 9. exd5 Nxd5 10. Bxd5 Qxd5 11. Nc3 Qc5 12. Qe2 Bg4 13. h3 Bh5 14. Qf2 f5
15. e4 Qxf2+ 16. Rxf2 f4 17. Nd5 Rf7 18. Kh2 Re8 19. Raf1 h6 20. c3 g5 21. g4
Bg6 22. b4 Kg7 23. a4 Rd7 24. Rb2 Nb8 25. Ne1 b5 26. axb5 axb5 27. Rf3 c6 28.
Nb6 Rb7 29. Na8 Na6 0-1

[Event "FIDE World Senior Team Championship 2020"]
[Site "Olympik hotel, Sokolovska 138,"]
[Date "2020.03.06"]
[Round "1.14"]
[White "Palkova, Hana"]
[Black "Bryson, Douglas M"]
[Result "1-0"]
[WhiteElo "1859"]
[BlackElo "2334"]
[PlyCount "107"]
[EventDate "2020.03.06"]
[WhiteTeam "CZEW2"]
[BlackTeam "SCO1"]

1. d4 d5 2. c4 e6 3. Nc3 c6 4. e3 Nf6 5. Nf3 Nbd7 6. a3 Bd6 7. Be2 O-O 8. O-O
Qe7 9. Qc2 dxc4 10. Bxc4 e5 11. dxe5 Nxe5 12. Be2 Re8 13. Rd1 Bc7 14. Nxe5 Qxe5
15. f4 Qe7 16. Rf1 Bb6 17. Nd1 Ng4 18. Bd3 Qh4 19. g3 Qh5 20. Re1 Be6 21. h4
Rad8 22. Kg2 Nf6 23. Nf2 Qd5+ 24. e4 Qb3 25. Qxb3 Bxb3 26. Be3 Ba5 27. Rec1 Rd7
28. Bc4 Bxc4 29. Rxc4 Bb6 30. Bxb6 axb6 31. Kf3 b5 32. Rb4 Kf8 33. Rc1 Red8 34.
Rc3 Rd4 35. Rxd4 Rxd4 36. Ke3 Rd7 37. Kf3 Rd2 38. Rb3 Nd7 39. Nd3 b6 40. Ke3
Rg2 41. Kf3 Rc2 42. Ke3 Ke7 43. Nb4 Rc4 44. Rc3 Rxc3+ 45. bxc3 Kd6 46. e5+ Kc7
47. Ke4 Nc5+ 48. Ke3 Na4 49. Kd3 Nb2+ 50. Ke4 Kd7 51. f5 Nc4 52. Nc2 c5 53. Kd5
Ne3+ 54. Nxe3 1-0

[Event "FIDE World Senior Team Championship 2020"]
[Site "Olympik hotel, Sokolovska 138,"]
[Date "2020.03.06"]
[Round "1.14"]
[White "Farrell, Neil"]
[Black "Vorackova, Jarmila"]
[Result "1-0"]
[WhiteElo "2183"]
[BlackElo "1824"]
[PlyCount "43"]
[EventDate "2020.03.06"]
[WhiteTeam "SCO1"]
[BlackTeam "CZEW2"]

1. d4 d5 2. c4 Nf6 3. cxd5 Nxd5 4. e4 Nf6 5. Nc3 e6 6. Nf3 Be7 7. Bd3 O-O 8.
O-O c6 9. Bg5 Nbd7 10. Qd2 Re8 11. Rad1 Qa5 12. e5 Nd5 13. Bxe7 Nxe7 14. Qg5
Nf8 15. Ne4 Neg6 16. Bb1 Rb8 17. h4 h6 18. Qg3 Kh8 19. Nd6 Re7 20. h5 Nxe5 21.
Nxe5 Qc7 22. Ne8 1-0

[Event "FIDE World Senior Team Championship 2020"]
[Site "Olympik hotel, Sokolovska 138,"]
[Date "2020.03.06"]
[Round "1.14"]
[White "Gallinnisova, Vaclava"]
[Black "Grant, Jonathan I M"]
[Result "1/2-1/2"]
[WhiteElo "2027"]
[BlackElo "2166"]
[PlyCount "184"]
[EventDate "2020.03.06"]
[WhiteTeam "CZEW2"]
[BlackTeam "SCO1"]

1. e4 c6 2. Nc3 d5 3. d3 e5 4. Nf3 Nf6 5. exd5 cxd5 6. d4 e4 7. Bb5+ Nc6 8. Ne5
Qc7 9. Bg5 Be6 10. O-O Be7 11. Nxc6 bxc6 12. Be2 Bd6 13. h3 Nd7 14. Qd2 f5 15.
f4 O-O 16. Nd1 c5 17. c3 cxd4 18. cxd4 Rfc8 19. Nc3 a6 20. Rac1 Qa5 21. Nxe4
Bb4 22. Nc3 Nf8 23. a3 Bxc3 24. Rxc3 Rxc3 25. Qxc3 Qxc3 26. bxc3 Ng6 27. Bh5
Rb8 28. Bxg6 hxg6 29. Be7 a5 30. Rc1 Rb3 31. Kf2 Kf7 32. Bc5 Rb2+ 33. Kg1 Rb3
34. Kf2 Bc8 35. Re1 Ba6 36. Re7+ Kf6 37. Ra7 Rb2+ 38. Kf3 Bf1 39. Rxa5 Bxg2+
40. Ke3 Bf1 41. Ra8 g5 42. Rf8+ Kg6 43. fxg5 Kxg5 44. Kf3 Bxh3 45. Be7+ Kg6 46.
a4 Rd2 47. Ra8 Bg4+ 48. Kg3 Re2 49. Bb4 Kg5 50. Bd6 Re3+ 51. Kg2 f4 52. Rg8 f3+
53. Kg3 Rxc3 54. Rxg7+ Kf5 55. a5 Rc2 56. Rxg4 Rg2+ 57. Kxf3 Rxg4 58. Bc5 Rg6
59. Bb6 Rc6 60. Bc5 Rh6 61. Kg3 Ke4 62. Kf2 Rh2+ 63. Kg3 Ra2 64. Bb6 Ra1 65.
Kf2 Ra3 66. Kg2 Kf4 67. Bc7+ Ke3 68. Bb6 Ke2 69. Bd8 Rf3 70. Bb6 Rb3 71. Bc5
Rb2 72. a6 Ke3+ 73. Kg3 Ra2 74. a7 Ke4 75. Bb6 Kf5 76. Kh4 Ra3 77. Bc5 Ra6 78.
Kg3 Rg6+ 79. Kf3 Ra6 80. Ke3 Ke6 81. Kd3 Kd7 82. Kc3 Kc6 83. Kd3 Kb7 84. Kc3
Ra1 85. Kb4 Rb1+ 86. Ka5 Rb3 87. Ka4 Rb1 88. Ka5 Rb3 89. Ka4 Rc3 90. Kb4 Rc4+
91. Kb5 Rc1 92. Kb4 Rb1+ 1/2-1/2

[Event "FIDE World Senior Team Championship 2020"]
[Site "Olympik hotel, Sokolovska 138,"]
[Date "2020.03.06"]
[Round "1.15"]
[White "Denk, Adolf"]
[Black "Nemec, Pavel"]
[Result "1/2-1/2"]
[WhiteElo "2224"]
[BlackElo "2224"]
[PlyCount "27"]
[EventDate "2020.03.06"]
[WhiteTeam "AUT"]
[BlackTeam "CZE12"]

1. d4 Nf6 2. Nf3 c6 3. c4 d6 4. Nc3 Nbd7 5. g3 g6 6. Bg2 Bg7 7. O-O O-O 8. b3
Re8 9. e4 e5 10. d5 Nc5 11. Qc2 cxd5 12. cxd5 a5 13. Nd2 b6 14. Nc4 1/2-1/2

[Event "FIDE World Senior Team Championship 2020"]
[Site "Olympik hotel, Sokolovska 138,"]
[Date "2020.03.06"]
[Round "1.15"]
[White "Buksa, Jaromir"]
[Black "Druckenthaner, Andreas"]
[Result "1/2-1/2"]
[WhiteElo "2084"]
[BlackElo "2277"]
[PlyCount "47"]
[EventDate "2020.03.06"]
[WhiteTeam "CZE12"]
[BlackTeam "AUT"]

1. e4 e5 2. Nf3 Nc6 3. Bc4 Bc5 4. c3 Nf6 5. d3 d6 6. h3 Bb6 7. O-O O-O 8. Re1
Ne7 9. Nbd2 Ng6 10. Nf1 Be6 11. Bxe6 fxe6 12. d4 Qe7 13. Ng3 Nd7 14. Be3 Kh8
15. Nh2 Nf4 16. Qg4 Qf6 17. Rad1 g6 18. Nf3 Rae8 19. Rd2 h5 20. Qg5 Qxg5 21.
Nxg5 exd4 22. Bxd4+ e5 23. Bxb6 axb6 24. Ne2 1/2-1/2

[Event "FIDE World Senior Team Championship 2020"]
[Site "Olympik hotel, Sokolovska 138,"]
[Date "2020.03.06"]
[Round "1.15"]
[White "Ernst, Michael"]
[Black "Horyna, Josef"]
[Result "1/2-1/2"]
[WhiteElo "2155"]
[BlackElo "1756"]
[PlyCount "77"]
[EventDate "2020.03.06"]
[WhiteTeam "AUT"]
[BlackTeam "CZE12"]

1. d4 Nf6 2. Bf4 d6 3. Nf3 g6 4. h3 Bg7 5. e3 O-O 6. c4 b6 7. Nc3 Bb7 8. Be2
Nbd7 9. O-O a5 10. Bh2 e6 11. Qc2 Re8 12. a3 Qe7 13. Nb5 Rec8 14. b4 e5 15. c5
bxc5 16. bxc5 Be4 17. Qd2 Ne8 18. cxd6 cxd6 19. Rac1 exd4 20. exd4 Rxc1 21.
Rxc1 Nb6 22. Re1 Qd7 23. Nc3 Bb7 24. Bb5 Bc6 25. Bxc6 Qxc6 26. Bg3 Rc8 27. Ne4
Nc4 28. Qd3 d5 29. Nc5 Nf6 30. Ne5 Nxe5 31. Bxe5 Nd7 32. Nxd7 Qxd7 33. Bxg7
Kxg7 34. Qe3 Rc4 35. Qe5+ f6 36. Qf4 g5 37. Qe3 Kf7 38. Qd3 Kg7 39. Qe3 1/2-1/2

[Event "FIDE World Senior Team Championship 2020"]
[Site "Olympik hotel, Sokolovska 138,"]
[Date "2020.03.06"]
[Round "1.15"]
[White "Zabehlicky, Jiri"]
[Black "Gattermayer, Robert"]
[Result "0-1"]
[WhiteElo "1462"]
[BlackElo "1979"]
[PlyCount "130"]
[EventDate "2020.03.06"]
[WhiteTeam "CZE12"]
[BlackTeam "AUT"]

1. e4 e5 2. Nf3 Nf6 3. Nc3 Nc6 4. Bb5 Nd4 5. d3 Nxb5 6. Nxb5 c6 7. Nc3 d6 8.
O-O Be7 9. Be3 Bg4 10. h3 Bh5 11. Ne2 Bxf3 12. gxf3 Qd7 13. Kh2 c5 14. Ng3 g6
15. Bh6 O-O-O 16. Qd2 Kb8 17. c4 Rhg8 18. a3 Qa4 19. b4 Nd7 20. b5 Rc8 21. Ne2
Bd8 22. Nc3 Qa5 23. Nd5 Qxd2 24. Bxd2 Nb6 25. Nxb6 Bxb6 26. a4 Bd8 27. Rg1 Bh4
28. Be3 f5 29. exf5 gxf5 30. Rxg8 Rxg8 31. Rg1 Rg6 32. Rxg6 hxg6 33. Kg2 Kc7
34. Bd2 d5 35. Ba5+ Kd6 36. Bc3 Bg5 37. Kg3 Bf4+ 38. Kg2 e4 39. fxe4 fxe4 40.
dxe4 d4 41. Bb2 Bd2 42. f3 Ke5 43. Kf2 Kf4 44. Ke2 Be3 45. Ba3 b6 46. Bb2 Kg3
47. Ba3 Bf4 48. Bb2 Kxh3 49. Ba3 Kh4 50. Bb2 Kg5 51. Ba3 Kf6 52. Bb2 Ke5 53.
Kd3 Kd6 54. Ba3 Kc7 55. Ke2 Kb7 56. Bb2 a5 57. Ba3 Kc7 58. Bb2 Kd6 59. Ba3 Ke5
60. Bb2 Be3 61. Ba3 Kf4 62. Bb2 g5 63. Ba3 g4 64. fxg4 Kxe4 65. Bxc5 d3+ 0-1

[Event "FIDE World Senior Team Championship 2020"]
[Site "Olympik hotel, Sokolovska 138,"]
[Date "2020.03.06"]
[Round "1.16"]
[White "Papacek, Stepan"]
[Black "Strutinskaia, Galina"]
[Result "0-1"]
[WhiteElo "2265"]
[BlackElo "2214"]
[PlyCount "56"]
[EventDate "2020.03.06"]
[WhiteTeam "CZE13"]
[BlackTeam "RUSW"]

1. e4 c5 2. Nc3 e6 3. Nf3 Nc6 4. Bb5 Nge7 5. O-O a6 6. Bxc6 Nxc6 7. d4 cxd4 8.
Nxd4 Be7 9. Nxc6 bxc6 10. e5 Qc7 11. Re1 d5 12. Qg4 Kf8 13. h4 h5 14. Qg3 Rb8
15. a3 c5 16. b3 Rb7 17. Bf4 Qd8 18. Bg5 f6 19. exf6 gxf6 20. Bd2 Kf7 21. Ne2
e5 22. Qd3 Qd6 23. Rad1 Be6 24. Ng3 e4 25. Nxe4 dxe4 26. Qxe4 Bd5 27. Qd3 Qc6
28. f3 c4 0-1

[Event "FIDE World Senior Team Championship 2020"]
[Site "Olympik hotel, Sokolovska 138,"]
[Date "2020.03.06"]
[Round "1.16"]
[White "Sirotkina, Nina"]
[Black "Bretsnajdr, Vladimir"]
[Result "1-0"]
[WhiteElo "2183"]
[BlackElo "2230"]
[PlyCount "93"]
[EventDate "2020.03.06"]
[WhiteTeam "RUSW"]
[BlackTeam "CZE13"]

1. d4 Nf6 2. Bf4 g6 3. e3 Bg7 4. Nf3 O-O 5. Be2 d6 6. h3 Nbd7 7. O-O c5 8. c3
b6 9. Nbd2 Bb7 10. Bh2 a6 11. a4 Qc7 12. Bd3 Rfe8 13. e4 e5 14. Re1 Nh5 15. Rc1
Bh6 16. Qb3 Nf4 17. Bf1 d5 18. exd5 Bxd5 19. Bc4 Bxc4 20. Qxc4 Qc6 21. Bxf4
Bxf4 22. d5 Qb7 23. Rcd1 b5 24. Qb3 Qb6 25. Ne4 f5 26. Neg5 e4 27. d6+ c4 28.
Qc2 exf3 29. Ne6 Bh6 30. g4 fxg4 31. Qe4 Nf6 32. Qe5 Bg7 33. d7 Rxe6 34. Qxe6+
Qxe6 35. Rxe6 Rd8 36. Rxa6 Rxd7 37. Rxd7 Nxd7 38. axb5 Kf7 39. hxg4 Be5 40. Rc6
Ke7 41. Rxc4 Nb6 42. Rc5 Bd6 43. Rc6 Na4 44. b3 Nc5 45. b4 Na4 46. c4 Bxb4 47.
b6 1-0

[Event "FIDE World Senior Team Championship 2020"]
[Site "Olympik hotel, Sokolovska 138,"]
[Date "2020.03.06"]
[Round "1.16"]
[White "Sura, Jaroslav"]
[Black "Bogumil, Tatiana"]
[Result "1/2-1/2"]
[WhiteElo "2013"]
[BlackElo "2182"]
[PlyCount "79"]
[EventDate "2020.03.06"]
[WhiteTeam "CZE13"]
[BlackTeam "RUSW"]

1. e4 c5 2. f4 Nc6 3. Nc3 d6 4. Nf3 g6 5. Bc4 Bg7 6. O-O e6 7. f5 gxf5 8. d3
Nge7 9. Bg5 f6 10. Bd2 fxe4 11. dxe4 O-O 12. Bf4 Ne5 13. Nxe5 dxe5 14. Be3 Qxd1
15. Raxd1 b6 16. Rd6 Ng6 17. Nb5 Nf4 18. Nc7 Rb8 19. Bxf4 exf4 20. Bxe6+ Bxe6
21. Nxe6 Rf7 22. Nxg7 Kxg7 23. Rxf4 Re8 24. Kf2 Re5 25. Rd5 Re6 26. Kf3 Rc7 27.
Kg4 Kg6 28. h4 Rce7 29. h5+ Kh6 30. Rdf5 Kg7 31. Kf3 Rd6 32. Rd5 Rde6 33. g4 h6
34. Ke3 Rc6 35. c4 Rce6 36. Kd3 Rc7 37. Kc3 Rce7 38. Kd3 Rc7 39. Rdf5 Rce7 40.
Rd5 1/2-1/2

[Event "FIDE World Senior Team Championship 2020"]
[Site "Olympik hotel, Sokolovska 138,"]
[Date "2020.03.06"]
[Round "1.16"]
[White "Fatalibekova, Elena"]
[Black "Ruzicka, Tomas"]
[Result "1-0"]
[WhiteElo "2158"]
[BlackElo "1748"]
[PlyCount "49"]
[EventDate "2020.03.06"]
[WhiteTeam "RUSW"]
[BlackTeam "CZE13"]

1. e4 e5 2. Nf3 Nf6 3. d4 Nxe4 4. Bd3 d5 5. Nxe5 Bd6 6. Nd2 Bf5 7. Qf3 Bxe5 8.
dxe5 Bg6 9. Nxe4 dxe4 10. Bxe4 Bxe4 11. Qxe4 c6 12. O-O O-O 13. b3 Re8 14. Bb2
Nd7 15. Rad1 Qc7 16. f4 Nf6 17. Qf3 Nd5 18. c4 Ne7 19. Rd3 Rad8 20. Rfd1 Rxd3
21. Qxd3 c5 22. Qd7 Qb8 23. e6 fxe6 24. Qxe6+ Kh8 25. Qf7 1-0

[Event "FIDE World Senior Team Championship 2020"]
[Site "Olympik hotel, Sokolovska 138,"]
[Date "2020.03.06"]
[Round "1.17"]
[White "Titscher, Libor"]
[Black "Ortoft, Kai"]
[Result "1-0"]
[WhiteElo "2153"]
[BlackElo "1972"]
[PlyCount "57"]
[EventDate "2020.03.06"]
[WhiteTeam "GER2"]
[BlackTeam "NOR1"]

1. c4 e5 2. Nc3 Nf6 3. g3 d5 4. cxd5 Nxd5 5. Bg2 Nb6 6. d3 Be7 7. Nh3 c6 8. f4
N8d7 9. O-O O-O 10. Kh1 f6 11. a3 a5 12. Rb1 a4 13. b4 axb3 14. Qxb3+ Kh8 15.
a4 Ra6 16. Be3 Bc5 17. Bxc5 Nxc5 18. Qb4 Ncxa4 19. Nxa4 Nxa4 20. fxe5 c5 21.
Qh4 Nc3 22. exf6 gxf6 23. Rbc1 Ra3 24. Nf4 Qe8 25. Qh6 Kg8 26. Rxc3 Rxc3 27.
Bd5+ Rf7 28. Qxf6 Ra3 29. Nh5 1-0

[Event "FIDE World Senior Team Championship 2020"]
[Site "Olympik hotel, Sokolovska 138,"]
[Date "2020.03.06"]
[Round "1.17"]
[White "Hermansen, Henning W."]
[Black "Schulenburg, Bernd"]
[Result "0-1"]
[WhiteElo "1921"]
[BlackElo "2175"]
[PlyCount "38"]
[EventDate "2020.03.06"]
[WhiteTeam "NOR1"]
[BlackTeam "GER2"]

1. d4 Nf6 2. Bg5 d5 3. Nd2 Nbd7 4. e3 c5 5. c3 Qc7 6. f4 Ne4 7. Nxe4 dxe4 8.
Bb5 e6 9. Ne2 a6 10. Ba4 b5 11. Bc2 Bb7 12. O-O f5 13. a4 Be7 14. axb5 axb5 15.
Rxa8+ Bxa8 16. Qa1 Bd5 17. Rc1 h6 18. Bxe7 Kxe7 19. Qa3 Ra8 0-1

[Event "FIDE World Senior Team Championship 2020"]
[Site "Olympik hotel, Sokolovska 138,"]
[Date "2020.03.06"]
[Round "1.17"]
[White "Berndt, Matthias"]
[Black "Jenssen, Ove S"]
[Result "1-0"]
[WhiteElo "2098"]
[BlackElo "1812"]
[PlyCount "77"]
[EventDate "2020.03.06"]
[WhiteTeam "GER2"]
[BlackTeam "NOR1"]

1. e4 e6 2. d3 d5 3. Nd2 f5 4. Qe2 Be7 5. Ngf3 c5 6. exf5 exf5 7. d4 cxd4 8.
Nxd4 Nf6 9. N2b3 O-O 10. Qf3 Nc6 11. Be2 Ne4 12. Bf4 g5 13. Nxc6 bxc6 14. Be5
g4 15. Qd3 a5 16. c3 a4 17. Nd4 Qb6 18. O-O Bf6 19. Bf4 Qxb2 20. Nxc6 Be6 21.
Nd4 Bf7 22. Nxf5 Nxc3 23. Bxg4 Bg6 24. Rac1 Rae8 25. Rc2 Qb4 26. g3 Bg7 27.
Rxc3 Qxc3 28. Qxd5+ Kh8 29. Nxg7 Kxg7 30. Rc1 Re1+ 31. Kg2 Qb4 32. Rc7+ Rf7 33.
Rxf7+ Bxf7 34. Qg5+ Bg6 35. Be5+ Rxe5 36. Qxe5+ Kh6 37. Kf3 a3 38. h4 Qb2 39.
Qe7 1-0

[Event "FIDE World Senior Team Championship 2020"]
[Site "Olympik hotel, Sokolovska 138,"]
[Date "2020.03.06"]
[Round "1.17"]
[White "Bjorgvik, Jan Arne"]
[Black "Haentsch, Ralf"]
[Result "0-1"]
[WhiteElo "1733"]
[BlackElo "2087"]
[PlyCount "126"]
[EventDate "2020.03.06"]
[WhiteTeam "NOR1"]
[BlackTeam "GER2"]

1. e4 e5 2. Nf3 Nc6 3. Bb5 a6 4. Ba4 Nf6 5. d3 b5 6. Bb3 Be7 7. O-O O-O 8. a3
d6 9. h3 Na5 10. Ba2 c5 11. Be3 Bb7 12. Nbd2 Qc7 13. Rc1 d5 14. exd5 Bxd5 15.
Bxd5 Nxd5 16. Qe2 h6 17. Nb3 Nb7 18. Bd2 f6 19. Qe4 Nb6 20. Qg6 Bd6 21. Bxh6
Qf7 22. Qxf7+ Rxf7 23. Be3 Na4 24. Rb1 Rc8 25. Bd2 c4 26. dxc4 bxc4 27. Na5 c3
28. Nxb7 Rxb7 29. bxc3 Rbc7 30. Rb3 Nxc3 31. Rb6 Ne2+ 32. Kh1 Bxa3 33. Rxa6 Bb2
34. Re1 Nd4 35. Nxd4 Bxd4 36. Be3 Rxc2 37. Bxd4 Rc1 38. Ra1 Rxe1+ 39. Rxe1 exd4
40. Rd1 Rd8 41. Kh2 Kf7 42. Kg3 Ke6 43. Kf3 Kd5 44. Rc1 Re8 45. Rc7 g6 46. Rd7+
Kc5 47. Rc7+ Kd6 48. Rc4 Kd5 49. Rc7 Re6 50. Rd7+ Kc4 51. Rc7+ Kb3 52. Rd7 Kc3
53. Rc7+ Kd2 54. Rd7 d3 55. h4 Kc2 56. Rc7+ Kd1 57. g4 d2 58. Rd7 Ke1 59. h5 g5
60. h6 d1=Q+ 61. Rxd1+ Kxd1 62. Kg3 Ke2 63. h7 Re8 0-1

[Event "FIDE World Senior Team Championship 2020"]
[Site "Olympik hotel, Sokolovska 138,"]
[Date "2020.03.06"]
[Round "1.18"]
[White "Grosselohmann, Gerhard"]
[Black "Yrjola, Jouni"]
[Result "1/2-1/2"]
[WhiteElo "1965"]
[BlackElo "2309"]
[PlyCount "108"]
[EventDate "2020.03.06"]
[WhiteTeam "GER9"]
[BlackTeam "FIN"]

1. d4 d6 2. c4 e5 3. d5 f5 4. Nc3 Nf6 5. Qc2 Na6 6. e4 g6 7. exf5 Bxf5 8. Bd3
e4 9. Bxe4 Nxe4 10. Nxe4 Nc5 11. f3 Nxe4 12. fxe4 Qh4+ 13. Qf2 Qxe4+ 14. Qe2
Bg7 15. Nf3 O-O 16. Kf2 Rae8 17. Re1 Qxe2+ 18. Rxe2 Bd3 19. Rxe8 Rxe8 20. Be3
Bxb2 21. Rd1 Bf5 22. Nd4 Bxd4 23. Rxd4 b6 24. a3 Kf7 25. Ke2 Kf6 26. Rf4 g5 27.
Rd4 h5 28. g3 Be4 29. Kd2 Kf5 30. Bf2 Bf3 31. Be3 Be4 32. Bf2 Re5 33. h3 Re8
34. h4 gxh4 35. gxh4 Kf4 36. Be3+ Kg3 37. Bg5 Bf3 38. Kc3 Bg4 39. Rd3+ Bf3 40.
Rd4 Be4 41. Kd2 Kf3 42. Kc3 Rg8 43. Kd2 Rb8 44. Kc3 a6 45. Rd2 Re8 46. Rd1 Ke2
47. Rd2+ Kf3 48. Rd1 Ke2 49. Rd2+ Ke1 50. Rb2 Bf5 51. Rg2 Bg4 52. Rg3 Kf2 53.
Rd3 Be2 54. Rd4 b5 1/2-1/2

[Event "FIDE World Senior Team Championship 2020"]
[Site "Olympik hotel, Sokolovska 138,"]
[Date "2020.03.06"]
[Round "1.18"]
[White "Asomaki, Pekka"]
[Black "Buchholz, Ralf"]
[Result "1-0"]
[WhiteElo "2122"]
[BlackElo "1851"]
[PlyCount "83"]
[EventDate "2020.03.06"]
[WhiteTeam "FIN"]
[BlackTeam "GER9"]

1. e4 d6 2. d4 e5 3. Nf3 Nc6 4. Bb5 exd4 5. Nxd4 Bd7 6. Bxc6 bxc6 7. O-O c5 8.
Nf5 g6 9. Ng3 Bg7 10. Re1 Ne7 11. Nc3 O-O 12. Bg5 f6 13. Be3 Rb8 14. Rb1 Be6
15. Qd2 Qd7 16. b3 Rfd8 17. Rbd1 Qe8 18. Nd5 Rdc8 19. Bh6 Qf8 20. Bxg7 Qxg7 21.
Qf4 Nxd5 22. exd5 Bd7 23. Re3 Re8 24. Nh5 gxh5 25. Rg3 Qxg3 26. Qxg3+ Kf7 27.
Qh4 Re5 28. f4 Rf5 29. c4 Rg8 30. Rf1 Rg4 31. Qe1 Rgxf4 32. Rxf4 Rxf4 33. Qa5
Rd4 34. Qxc7 Ke7 35. Qxa7 h4 36. h3 Rd1+ 37. Kh2 f5 38. b4 cxb4 39. c5 dxc5 40.
Qxc5+ Ke8 41. d6 Rd2 42. Qe3+ 1-0